| Art - Music/Opera | 5 | 8.00 | 80% | 0% | 0% |
| Art - Other | 2 | 10.00 | 50% | 50% | 0% |
| Art - Painting/Sculpture | 7 | 11.43 | 100% | 14% | 0% |
| Art - Visual | 4 | 12.50 | 75% | 50% | 0% |
| Current Events/Modern World - Mixed/Any | 1 | 10.00 | 100% | 0% | 0% |
| Current Events/Modern World - Rest of world social | 1 | 10.00 | 100% | 0% | 0% |
| Current Events/Modern World - Western social | 1 | 10.00 | 100% | 0% | 0% |
| Geography - Europe | 1 | 20.00 | 100% | 100% | 0% |
| Geography - Mixed/any | 1 | 30.00 | 100% | 100% | 100% |
| Geography - Non-U.S. Americas | 1 | 20.00 | 100% | 100% | 0% |
| Geography - Oceania/Pacific | 1 | 20.00 | 100% | 100% | 0% |
| Geography - United States | 1 | 30.00 | 100% | 100% | 100% |
| History - American | 8 | 21.25 | 100% | 75% | 38% |
| History - European | 3 | 16.67 | 100% | 67% | 0% |
| History - Other | 3 | 13.33 | 100% | 33% | 0% |
| History - World | 3 | 16.67 | 100% | 67% | 0% |
| Literature - American any | 1 | 10.00 | 100% | 0% | 0% |
| Literature - American long fiction | 1 | 20.00 | 100% | 100% | 0% |
| Literature - American poetry | 3 | 6.67 | 67% | 0% | 0% |
| Literature - American short fiction | 1 | 10.00 | 100% | 0% | 0% |
| Literature - British any | 1 | 10.00 | 100% | 0% | 0% |
| Literature - British drama | 1 | 10.00 | 100% | 0% | 0% |
| Literature - British long fiction | 1 | 20.00 | 100% | 100% | 0% |
| Literature - British poetry | 1 | 10.00 | 100% | 0% | 0% |
| Literature - British short fiction | 2 | 15.00 | 100% | 50% | 0% |
| Literature - European any | 2 | 15.00 | 100% | 50% | 0% |
| Literature - European long fiction | 3 | 20.00 | 100% | 100% | 0% |
| Literature - European poetry | 1 | 10.00 | 100% | 0% | 0% |
| Literature - European short fiction | 1 | 10.00 | 100% | 0% | 0% |
| Literature - World/Misc any | 1 | 20.00 | 100% | 100% | 0% |
| Literature - World/Misc long fiction | 4 | 17.50 | 100% | 75% | 0% |
| Literature - World/Misc poetry | 1 | 20.00 | 100% | 100% | 0% |
| Mythology - Egyptian | 2 | 15.00 | 100% | 50% | 0% |
| Mythology - Greco/Roman | 2 | 15.00 | 100% | 50% | 0% |
| Mythology - Mixed/Any | 2 | 10.00 | 100% | 0% | 0% |
| Mythology - Norse | 1 | 20.00 | 100% | 100% | 0% |
| Other Academic/Cross-Category - Any | 1 | 10.00 | 100% | 0% | 0% |
| Philosophy - 20th century | 1 | 10.00 | 100% | 0% | 0% |
| Philosophy - Enlightenment | 1 | 10.00 | 100% | 0% | 0% |
| Philosophy - Medieval | 1 | 10.00 | 100% | 0% | 0% |
| Philosophy - Mixed/Any | 1 | 10.00 | 100% | 0% | 0% |
| Philosophy - Pre-20th | 3 | 10.00 | 100% | 0% | 0% |
| Religion - Christianity/Judaism | 1 | 20.00 | 100% | 100% | 0% |
| Religion - Hinduism | 2 | 10.00 | 100% | 0% | 0% |
| Religion - Islam | 2 | 5.00 | 50% | 0% | 0% |
| Science - Biology | 5 | 10.00 | 60% | 40% | 0% |
| Science - Chemistry | 4 | 5.00 | 50% | 0% | 0% |
| Science - Compsci | 2 | 15.00 | 100% | 0% | 50% |
| Science - Earth | 1 | 10.00 | 0% | 100% | 0% |
| Science - Other/CL/Misc | 1 | 10.00 | 100% | 0% | 0% |
| Science - Physics | 5 | 12.00 | 100% | 20% | 0% |
| Social Science - Anthropology | 1 | 20.00 | 100% | 100% | 0% |
| Social Science - Economics | 1 | 0.00 | 0% | 0% | 0% |
| Social Science - Psychology | 2 | 10.00 | 100% | 0% | 0% |